| 000 | 00515nam a2200181Ia 4500 | ||
|---|---|---|---|
| 005 | 20250508155242.0 | ||
| 008 | 008 250505s9999 xx 000 0 eng d | ||
| 037 | _aTextual | ||
| 040 |
_aFEDL _beng _cFEDL |
||
| 041 |
_aeng _2eng |
||
| 084 |
_a378.547, BAR _qFEDL |
||
| 245 | 0 | _aHandbook 1967, Part 2 | |
| 245 | 0 | _cBaroda. Maharaja Sayajirao ,(University of...) | |
| 260 |
_aBaroda, India _bB K Zutshi _c1967 |
||
| 300 | _axi,355p | ||
| 942 |
_cTEXL _h378.547, BAR |
||
| 999 |
_c1355519 _d1355519 |
||